Assorted Hollow Knight trivia #4 - Statistics

General Stats
  • This quiz has been taken 82 times
  • The average score is 9 of 20
Answer Stats
Hint Answer % Correct
What happens after all grubs havebeen obtained The Grubs are eaten
79%
The location of Entombed Husks Resting Grounds
70%
A sub-area in deepnest that doesnot show up on the map Beast's Den | Weavers' Den
66%
Mysterious friendly NPC located in upper Deepnest Mask Maker
61%
Group originating from outside Hallownest, who thenarrived in Deepnest Weavers
59%
A labelled area impossible to get a map for(excluding interior rooms) Godhome | White Palace |Path of Pain | Shrine of Believers
57%
...what this causes for each grub Metamorphosis
55%
Xero is the first boss of this pantheon Pantheon of the {Artist}
54%
Charm made from imperfect, discarded nails Quick slash
54%
Character that eats Leg Eater Divine
52%
The common word in both these enemies' names
Great
52%
Higher being responsible for the GrimmTroupe's ritual The Nightmare's Heart
45%
...the character that says this Bardoon
39%
The description of this boss in Godhome (word for word) Alluring god of motherhood
27%
A charm that synergises with Fury of the Fallen Grubberfly's Elegy | Glowing Womb
27%
The name of either god found in the land of storms God of thunder | God of rain
25%
Enemy described as a "Large, docile creature" Boofly
23%
The name of this enemy Shardmite
23%
Fill in the blank:"This falling ash is ___. The Wyrm's corpse decaying. Endless. Rmm... Serene. Sad." "...is {moult}. The Wyrm's..."
5%
The fictional author of the Wanderer's Journal book Ellina
5%
No matching quizzes found
Score Distribution
Percent of People with Each Score
Percentile by Number Answered
Your Score History
You have not taken this quiz